000 00483nam a2200169 i 4500
001 55315
003 ES-MaACL
005 20230906163123.0
007 t|
008 030917s1909 fr ||||1| fre d
100 1 _aDenais, Joseph.
_943679
245 1 3 _aLa Turquie nouvelle et l'ancien régime /
_cJoseph Denais.
260 _aParis :
_b[s.n.],
_c1909 (
_eAngers :
_fG. Grassin)
300 _a96 p. ;
_c25 cm.
651 4 _aTurquía-
_xHistoria.
_9137381
852 _aES-MaACL
_jF-1015
999 _c55315
_d55315